00173nam a22000857a 4500020001700000100001500017245001200032260003100044300001200075 a970545073899 aDonna King aKickoff aNew YorkbScholasticc2007 a158 pgs